Synonym of song titles - Statistics

General Stats
  • This quiz has been taken 38 times
  • The average score is 4 of 10
Answer Stats
Hint Answer % Correct
Infant Baby
92%
*intense spanish* Despacito
60%
TNT (boom boom) Dynamite
60%
Configuration of thy Shape of you
44%
Adolescent vision Teenage dream
40%
Accidental quiet sound Careless whisper
28%
Mommydia Mamamia
20%
panty melody Thong song
16%
Ronaldo Roxanne
12%
Benard jeppard Billie jean
8%
No matching quizzes found
Score Distribution
Percent of People with Each Score
Percentile by Number Answered
Your Score History
You have not taken this quiz